00455nam a22001577a 450000500170000000800410001702000180005804100120007608200150008810000120010324500760011525000190019126000330021030000290024365000250027220241003135602.0241003b |||||||| |||| 00| 0 eng d a9780409012385 aEnglish a347.7 BEC  lEnglish aBeck's Theory and Principles of Pleading in Civil Actions /cH Daniels  aSixth Edition  aDurban: bLexisNexis, c2002 bxx, 509 pages; c25 cm.  aLegal practice bLaw